[Event "Titled Tuesday intern op 03rd Jan Late"]
[Site "Chess.com INT"]
[Date "2025.06.03"]
[Round "8"]
[White "Perry, Patrick N"]
[Black "Guo, Felix1"]
[Result "0-1"]
[WhiteElo "2296"]
[BlackElo "2078"]
[PlyCount "58"]
[EventDate "2025.06.03"]
[EventType "swiss (blitz)"]
[EventRounds "11"]
[EventCountry "USA"]
[SourceTitle "CB24_2025"]
[SourceDate "2025.06.11"]
[SourceVersion "1"]
[SourceVersionDate "2025.06.11"]
[SourceQuality "1"]

1. e4 e5 2. Nf3 Nf6 3. Nxe5 Nxe4 4. Qe2 Qe7 5. Qxe4 d6 6. d4 dxe5 7. Qxe5 Qxe5+ 8. dxe5 Bf5 9. c3 Nd7 10. f4 Bc5 11. Nd2 0-0-0 12. Nb3 Rhe8 13. Nd4 Be4 14. Be3 f6 15. e6 Nb6 16. Kf2 Nd5 17. Bc4 Bxd4 18. Bxd4 Nxf4 19. Rhe1 Bxg2 20. Kg3 Bd5 21. Kxf4 Bxc4 22. h4 Rxe6 23. Rxe6 Bxe6 24. h5 Kd7 25. Rg1 Rg8 26. h6 g5+ 27. Ke4 Rg6 28. Rh1 c6 29. Bxa7 Bd5+ 0-1

[Event "Titled Tuesday intern op 03rd Jan Late"]
[Site "Chess.com INT"]
[Date "2025.06.03"]
[Round "5"]
[White "Perry, Patrick N"]
[Black "Uzuner, Tufan Can"]
[Result "1-0"]
[WhiteElo "2296"]
[BlackElo "1886"]
[PlyCount "141"]
[EventDate "2025.06.03"]
[EventType "swiss (blitz)"]
[EventRounds "11"]
[EventCountry "USA"]
[SourceTitle "CB24_2025"]
[SourceDate "2025.06.11"]
[SourceVersion "1"]
[SourceVersionDate "2025.06.11"]
[SourceQuality "1"]

1. e4 e5 2. d4 exd4 3. Qxd4 Nc6 4. Qe3 b6 5. Bb5 Bb7 6. Nc3 Nf6 7. Nge2 Bc5 8. Qg3 Nh5 9. Qg5 Qxg5 10. Bxg5 h6 11. Bd2 Nf6 12. f3 a6 13. Ba4 0-0 14. Bf4 b5 15. Bb3 Bb6 16. 0-0-0 Na5 17. Be5 Nxb3+ 18. axb3 Ne8 19. Nd5 Bxd5 20. Rxd5 d6 21. Bc3 c6 22. Rdd1 a5 23. Nd4 Bxd4 24. Rxd4 b4 25. Bd2 c5 26. Rd5 Ra6 27. Bf4 g5 28. Bg3 f6 29. Rhd1 Kf7 30. Bxd6 Nxd6 31. Rxd6 Rxd6 32. Rxd6 Rb8 33. Ra6 Rb5 34. Kd2 h5 35. Kd3 h4 36. h3 Rb7 37. Rxa5 Rd7+ 38. Ke2 Rc7 39. Ra6 Ke7 40. Rb6 Ra7 41. Rc6 Ra2 42. Rxc5 Rxb2 43. Kd3 Rb1 44. Ke2 Rg1 45. Kf2 Rc1 46. Rc4 Ke6 47. Rc5 Ke7 48. g3 hxg3+ 49. Kxg3 Kd6 50. Rc4 Ke6 51. h4 gxh4+ 52. Kxh4 Ke5 53. Rc5+ Kd4 54. Rc4+ Ke3 55. Kg4 Rg1+ 56. Kf5 Kxf3 57. Kxf6 Rg2 58. e5 Ke3 59. e6 Kd2 60. e7 Rf2+ 61. Kg7 Re2 62. Kf8 Rf2+ 63. Ke8 Re2 64. Kd7 Kc1 65. e8Q Rd2+ 66. Kc6 Kb2 67. Kb5 Rd5+ 68. Kxb4 Rd2 69. Qe5+ Ka2 70. Kb5 Rd8 71. Ra4+ 1-0

[Event "Titled Tuesday intern op 06th May Early"]
[Site "Chess.com INT"]
[Date "2025.05.06"]
[Round "4"]
[White "Burmakin, Evgeniy"]
[Black "Perry, Patrick N"]
[Result "0-1"]
[WhiteElo "2110"]
[BlackElo "2296"]
[PlyCount "118"]
[EventDate "2025.05.06"]
[EventType "swiss (blitz)"]
[EventRounds "11"]
[EventCountry "USA"]
[SourceTitle "CB20_2025"]
[SourceDate "2025.05.14"]
[SourceVersion "1"]
[SourceVersionDate "2025.05.14"]
[SourceQuality "1"]

1. e4 c5 2. Nf3 e6 3. d4 cxd4 4. Nxd4 Nf6 5. Bd3 Nc6 6. Be3 d5 7. exd5 Nxd5 8. Nxc6 bxc6 9. Bd2 Bd6 10. Qf3 0-0 11. 0-0 Qf6 12. Qe4 g6 13. Nc3 Rb8 14. Rab1 Rb4 15. Qe1 Nf4 16. Ne4 Qh4 17. Nxd6 Qg4 18. g3 Qf3 19. Bxf4 Rxf4 20. Be2 Qd5 21. gxf4 Qxd6 22. Qc1 c5 23. Qe3 Bb7 24. Bf3 Ba6 25. Rfd1 Qb6 26. Rd7 h5 27. b3 c4 28. Qxb6 axb6 29. bxc4 Bxc4 30. Rxb6 Bxa2 31. Kg2 Bc4 32. Rbb7 Kg7 33. Rdc7 Ba2 34. c4 Kf6 35. c5 e5 36. fxe5+ Kxe5 37. c6 Be6 38. Re7 Kd6 39. Rec7 Ra8 40. Rxf7 Bxf7 41. Rxf7 Ra5 42. Rf6+ Ke5 43. Rxg6 Kf4 44. Rh6 Rg5+ 45. Kf1 Kxf3 46. c7 Rc5 47. Rf6+ Kg4 48. Rf7 h4 49. Ke2 h3 50. Rh7 Rc2+ 51. Kd3 Rc6 52. Kd4 Kf3 53. Kd5 Rc1 54. Kd6 Kxf2 55. Kd7 Kg2 56. c8Q Rxc8 57. Kxc8 Kxh2 58. Kd7 Kg2 59. Ke6 h2 0-1

[Event "Titled Tuesday intern op 04th Feb Late"]
[Site "Chess.com INT"]
[Date "2025.02.04"]
[Round "2"]
[White "Perry, Patrick N"]
[Black "Badacsonyi, Stanley Ethan Artie"]
[Result "0-1"]
[WhiteElo "2296"]
[BlackElo "2307"]
[PlyCount "160"]
[EventDate "2025.02.04"]
[EventType "swiss (blitz)"]
[EventRounds "11"]
[EventCountry "USA"]
[SourceTitle "CB07_2025"]
[SourceDate "2025.02.12"]
[SourceVersion "1"]
[SourceVersionDate "2025.02.12"]
[SourceQuality "1"]

1. e4 e6 2. d4 d5 3. Nc3 Nf6 4. e5 Nfd7 5. Nce2 c5 6. c3 Nc6 7. Nf3 Be7 8. Be3 f6 9. exf6 Nxf6 10. Ng3 0-0 11. Bd3 cxd4 12. Nxd4 Bd6 13. 0-0 Bd7 14. Bg5 h6 15. Bxf6 Qxf6 16. Bc2 Rae8 17. Qd3 Ne5 18. Qh7+ Kf7 19. Nh5 Qg5 20. f4 Nf3+ 21. Rxf3 Qxh5 22. Rg3 Ke7 23. Rxg7+ Rf7 24. Rxf7+ Qxf7 25. Qxf7+ Kxf7 26. g3 Bc5 27. Kg2 e5 28. fxe5 Rxe5 29. Rf1+ Kg7 30. Rf2 h5 31. Rd2 Re1 32. Nf3 Rc1 33. Bb3 Bb6 34. Bxd5 Bb5 35. c4 Bxc4 36. Bxc4 Rxc4 37. Rd7+ Kf6 38. b3 Rc2+ 39. Rd2 Rc3 40. h3 Kf5 41. Re2 Kf6 42. Rd2 Kf5 43. Re2 Rc1 44. Nh4+ Kf6 45. Kf3 Rc3+ 46. Kg2 Bc7 47. Nf3 Bd6 48. Rd2 Bc7 49. Rd7 Bb6 50. Rxb7 Rc2+ 51. Kh1 Rxa2 52. Rd7 Kf5 53. Rd2 Ra1+ 54. Kg2 Ke4 55. Re2+ Be3 56. Ng5+ Kd3 57. Rxe3+ Kxe3 58. g4 hxg4 59. hxg4 Kf4 60. Ne6+ Kxg4 61. Kf2 Kf5 62. Nc5 Ke5 63. Ke3 Kd5 64. Nd3 Rb1 65. b4 Kc4 66. Kd2 Rb3 67. Ne5+ Kxb4 68. Kc2 Rc3+ 69. Kb2 a5 70. Nd7 Rh3 71. Nf6 Rh2+ 72. Kb1 a4 73. Nd5+ Kb3 74. Kc1 Rh1+ 75. Kd2 a3 76. Nc3 Rh2+ 77. Kc1 Kxc3 78. Kb1 Kb3 79. Kc1 a2 80. Kd1 a1R# 0-1

[Event "Titled Tuesday intern op 04th Feb Late"]
[Site "Chess.com INT"]
[Date "2025.02.04"]
[Round "1"]
[White "Perry, Patrick N"]
[Black "Holinka, Henning"]
[Result "1-0"]
[WhiteElo "2296"]
[BlackElo "2291"]
[PlyCount "135"]
[EventDate "2025.02.04"]
[EventType "swiss (blitz)"]
[EventRounds "11"]
[EventCountry "USA"]
[SourceTitle "CB07_2025"]
[SourceDate "2025.02.12"]
[SourceVersion "1"]
[SourceVersionDate "2025.02.12"]
[SourceQuality "1"]

1. e4 d5 2. exd5 Nf6 3. d4 Bg4 4. Be2 Bxe2 5. Nxe2 Qxd5 6. 0-0 e6 7. Nbc3 Qh5 8. Bf4 c6 9. Ng3 Qxd1 10. Raxd1 Be7 11. Nce4 0-0 12. Bd6 Bxd6 13. Nxd6 Rd8 14. Nxb7 Rd5 15. c4 Rd7 16. Nc5 Rd8 17. b3 Nbd7 18. Nxd7 Rxd7 19. Rfe1 Rad8 20. Ne2 c5 21. d5 exd5 22. cxd5 Nxd5 23. Nf4 Kf8 24. Nxd5 Rxd5 25. Rxd5 Rxd5 26. Kf1 Rd2 27. Re2 Rd1+ 28. Re1 Rxe1+ 29. Kxe1 Ke7 30. Kd2 Kd6 31. Kc3 Kd5 32. b4 h5 33. bxc5 Kxc5 34. h4 g6 35. g3 f6 36. a3 a6 37. Kd3 Kd5 38. Kc3 Kc5 39. Kd3 Kd5 40. Kc3 g5 41. Kb4 Kc6 42. Ka5 Kb7 43. f4 gxf4 44. gxf4 f5 45. a4 Ka7 46. Kb4 Kb6 47. a5+ Kc6 48. Kc4 Kd6 49. Kd4 Kc6 50. Ke5 Kb5 51. Kxf5 Kxa5 52. Kg5 Kb5 53. f5 a5 54. f6 a4 55. f7 a3 56. f8Q a2 57. Qf6 Kb4 58. Qa1 Kb3 59. Kxh5 Ka3 60. Kg5 Kb3 61. h5 Ka3 62. h6 Kb3 63. h7 Ka3 64. h8Q Kb3 65. Qhc3+ Ka4 66. Qxa2+ Kb5 67. Qab2+ Ka6 68. Qca3# 1-0

[Event "Titled Tuesday intern op 04th Feb Late"]
[Site "Chess.com INT"]
[Date "2025.02.04"]
[Round "5"]
[White "Perry, Patrick N"]
[Black "Skaric, Djuro"]
[Result "1/2-1/2"]
[WhiteElo "2296"]
[BlackElo "2285"]
[PlyCount "123"]
[EventDate "2025.02.04"]
[EventType "swiss (blitz)"]
[EventRounds "11"]
[EventCountry "USA"]
[SourceTitle "CB07_2025"]
[SourceDate "2025.02.12"]
[SourceVersion "1"]
[SourceVersionDate "2025.02.12"]
[SourceQuality "1"]

1. e4 d6 2. d4 g6 3. Nc3 Bg7 4. Nf3 Nf6 5. Be2 0-0 6. 0-0 Nc6 7. Be3 e5 8. dxe5 dxe5 9. Qxd8 Rxd8 10. a3 h6 11. h3 Be6 12. Rfd1 a6 13. Rxd8+ Rxd8 14. Rd1 Rxd1+ 15. Bxd1 b5 16. Nd2 b4 17. axb4 Nxb4 18. f3 Nd7 19. Ne2 a5 20. c3 Nd3 21. b3 f5 22. Bc2 N7c5 23. Nc1 Nxc1 24. Bxc5 Ne2+ 25. Kf2 Nxc3 26. Nc4 a4 27. Nd2 axb3 28. Nxb3 Nb5 29. Nd2 Kf7 30. Ke3 h5 31. Bd3 Bh6+ 32. Ke2 Nd6 33. Nf1 Kf6 34. Ne3 Bxe3 35. Kxe3 f4+ 36. Kd2 g5 37. Kc3 g4 38. hxg4 hxg4 39. Ba7 g3 40. Bb8 Bh3 41. Bf1 Nxe4+ 42. fxe4 f3 43. gxf3 Bxf1 44. Bxc7 g2 45. Bb6 Be2 46. Kd2 Bxf3 47. Kd3 Kg5 48. Bg1 Kf4 49. Kd2 Kg3 50. Ke3 Bd1 51. Kd2 Ba4 52. Ke3 Bc6 53. Ke2 Bxe4 54. Ke3 Bd5 55. Ke2 Kf4 56. Be3+ Kg3 57. Bg1 Bc6 58. Ke3 Bb5 59. Ke4 Bc6+ 60. Kxe5 Kf3 61. Bd4 Ke2 62. Kd6 1/2-1/2

[Event "Titled Tuesday intern op 04th Feb Late"]
[Site "Chess.com INT"]
[Date "2025.02.04"]
[Round "8"]
[White "Sabatier, Mathis"]
[Black "Perry, Patrick N"]
[Result "1-0"]
[WhiteElo "2205"]
[BlackElo "2296"]
[PlyCount "133"]
[EventDate "2025.02.04"]
[EventType "swiss (blitz)"]
[EventRounds "11"]
[EventCountry "USA"]
[SourceTitle "CB07_2025"]
[SourceDate "2025.02.12"]
[SourceVersion "1"]
[SourceVersionDate "2025.02.12"]
[SourceQuality "1"]

1. e4 c5 2. Nf3 e6 3. c3 Nf6 4. e5 Nd5 5. a3 d6 6. d4 Nc6 7. c4 Nb6 8. dxc5 dxc5 9. Qxd8+ Nxd8 10. Nc3 a6 11. Be3 Bd7 12. 0-0-0 Be7 13. Ne4 Rc8 14. Nd6+ Bxd6 15. Rxd6 Na8 16. Be2 Ba4 17. Bd1 Bc6 18. Bc2 Bxf3 19. gxf3 0-0 20. Rg1 g6 21. h4 Nc6 22. f4 b6 23. Be4 Na5 24. Bxa8 Rxa8 25. Rxb6 Nxc4 26. Rc6 Nxe3 27. fxe3 Rfc8 28. Rxc8+ Rxc8 29. Rd1 Rc6 30. Kc2 Kf8 31. Rd7 Ke8 32. Ra7 h6 33. Kc3 c4 34. Rb7 Rc5 35. Rb4 Kd7 36. Rxc4 Rb5 37. b4 g5 38. hxg5 hxg5 39. a4 Rd5 40. e4 Rd1 41. fxg5 Rg1 42. Rd4+ Kc7 43. Rd6 Rxg5 44. Kd4 Kb7 45. Rd7+ Kb6 46. Rxf7 Rg1 47. Rf6 Rd1+ 48. Kc3 Rc1+ 49. Kb2 Re1 50. Rxe6+ Kb7 51. Kb3 Rxe4 52. a5 Ka7 53. Re7+ Kb8 54. e6 Kc8 55. Kc3 Kd8 56. Rd7+ Kc8 57. Rd6 Kc7 58. Rxa6 Kb7 59. b5 Kc7 60. Rb6 Ra4 61. Rc6+ Kb7 62. e7 Re4 63. a6+ Ka7 64. Rc7+ Kb6 65. Rb7+ Kc5 66. a7 Re3+ 67. Kd2 1-0

[Event "Titled Tuesday intern op 02nd Jan Late"]
[Site "Chess.com INT"]
[Date "2024.01.02"]
[Round "2"]
[White "Perry, Patrick N"]
[Black "Nazari, Arad"]
[Result "0-1"]
[WhiteElo "2296"]
[BlackElo "2375"]
[PlyCount "76"]
[EventDate "2024.01.02"]
[EventType "swiss (blitz)"]
[EventRounds "11"]
[EventCountry "USA"]
[SourceTitle "EXT 2025"]
[Source "ChessBase"]
[SourceDate "2024.10.14"]
[SourceVersion "1"]
[SourceVersionDate "2024.10.14"]
[SourceQuality "1"]

1. e4 c5 2. d4 cxd4 3. Nf3 e5 4. c3 Nc6 5. cxd4 exd4 6. Nxd4 Nf6 7. Nxc6 bxc6 8. Nc3 Bb4 9. Bd3 d5 10. exd5 Qe7+ 11. Qe2 Nxd5 12. Qxe7+ Kxe7 13. Bd2 Bxc3 14. bxc3 Rd8 15. 0-0 Nf4 16. Bxf4 Rxd3 17. Rfe1+ Be6 18. Re3 Rad8 19. h3 Rd1+ 20. Rxd1 Rxd1+ 21. Kh2 Ra1 22. Re2 Rxa2 23. Rxa2 Bxa2 24. Kg3 a5 25. Bc7 a4 26. Ba5 c5 27. c4 Bxc4 28. Bc3 f6 29. Kf4 Bf1 30. Kf3 Ke6 31. h4 Kd5 32. Ke3 Kc4 33. Kd2 Bxg2 34. h5 Bf3 35. h6 gxh6 36. Bxf6 h5 37. Ke3 Bd5 38. f4 a3 0-1

[Event "Titled Tuesday intern op 14th Nov Late"]
[Site "Chess.com INT"]
[Date "2023.11.14"]
[Round "7"]
[White "Martin Barcelo, Carles"]
[Black "Perry, Patrick N"]
[Result "1-0"]
[WhiteElo "2242"]
[BlackElo "2296"]
[PlyCount "81"]
[EventDate "2023.11.14"]
[EventType "swiss (blitz)"]
[EventRounds "11"]
[EventCountry "USA"]
[SourceTitle "EXT 2025"]
[Source "ChessBase"]
[SourceDate "2024.10.14"]
[SourceVersion "1"]
[SourceVersionDate "2024.10.14"]
[SourceQuality "1"]

1. d4 c5 2. Nf3 Nf6 3. dxc5 Qa5+ 4. Bd2 Qxc5 5. e3 d5 6. c4 dxc4 7. Nc3 Nc6 8. Rc1 e5 9. Be2 Be6 10. 0-0 Be7 11. Qa4 a6 12. Qc2 0-0 13. Ne4 Nxe4 14. Qxe4 f5 15. Qc2 e4 16. Ne1 Ne5 17. Bc3 Nd3 18. Bd4 Qb5 19. Rb1 Rac8 20. f3 Bd5 21. f4 Bf6 22. Bxf6 Rxf6 23. Qc3 Rfc6 24. Nc2 Qc5 25. Nd4 R6c7 26. Nxf5 b5 27. a3 a5 28. Qxa5 b4 29. Qxc5 Rxc5 30. Ne7+ Kf7 31. Nxc8 Rxc8 32. Bxd3 exd3 33. axb4 c3 34. bxc3 Rxc3 35. Rf2 Be4 36. Rd2 Ke6 37. Kf2 Kd5 38. b5 Rc7 39. b6 Rb7 40. Rb4 g6 41. Rd4+ 1-0

[Event "Titled Tuesday intern op 14th Nov Late"]
[Site "Chess.com INT"]
[Date "2023.11.14"]
[Round "6"]
[White "Perry, Patrick N"]
[Black "Quirke, Jeffrey"]
[Result "1-0"]
[WhiteElo "2296"]
[BlackElo "1986"]
[PlyCount "85"]
[EventDate "2023.11.14"]
[EventType "swiss (blitz)"]
[EventRounds "11"]
[EventCountry "USA"]
[SourceTitle "EXT 2025"]
[Source "ChessBase"]
[SourceDate "2024.10.14"]
[SourceVersion "1"]
[SourceVersionDate "2024.10.14"]
[SourceQuality "1"]

1. e4 e6 2. d4 d5 3. Nc3 Nf6 4. e5 Nfd7 5. Nce2 c5 6. c3 Nc6 7. Nf3 Be7 8. Nf4 cxd4 9. cxd4 Qb6 10. Be2 a5 11. 0-0 0-0 12. Rb1 a4 13. Be3 a3 14. b3 Nb4 15. Qd2 Qa5 16. Rfc1 Nb6 17. Nh5 Bd7 18. Bh6 Nxa2 19. Bxg7 Qxd2 20. Nxd2 Nxc1 21. Rxc1 a2 22. Ra1 Rfc8 23. Bf6 Bb4 24. Nf1 Rc2 25. Bd3 Rcc8 26. g4 Bc3 27. Rxa2 Rxa2 28. Be7 Bxd4 29. Nf6+ Kh8 30. Bxh7 Bxe5 31. Bd3 Rc3 32. Nxd7 Nxd7 33. Bb5 Nb6 34. Be8 Kg7 35. Ng3 Rcc2 36. Nh5+ Kh6 37. Bxf7 Rxf2 38. Bf8+ Kg5 39. Be7+ Kxg4 40. Bc5 Rg2+ 41. Kf1 Rxh2 42. Bxb6 Kg5 43. Be3+ 1-0

[Event "Titled Tuesday intern op 31st Oct Late"]
[Site "Chess.com INT"]
[Date "2023.10.31"]
[Round "6"]
[White "Do Nascimento, Christian Almeida"]
[Black "Perry, Patrick N"]
[Result "1-0"]
[WhiteElo "2125"]
[BlackElo "2296"]
[PlyCount "58"]
[EventDate "2023.10.31"]
[EventType "swiss (blitz)"]
[EventRounds "11"]
[EventCountry "USA"]
[SourceTitle "EXT 2025"]
[Source "ChessBase"]
[SourceDate "2024.10.14"]
[SourceVersion "1"]
[SourceVersionDate "2024.10.14"]
[SourceQuality "1"]

1. d4 Nf6 2. c4 c5 3. d5 e6 4. Nc3 exd5 5. cxd5 d6 6. e4 Nbd7 7. Nf3 Be7 8. a4 0-0 9. Be2 Re8 10. 0-0 Bf8 11. Qc2 h6 12. h3 Ne5 13. Nxe5 Rxe5 14. Bf4 Re8 15. Bh2 g5 16. f4 gxf4 17. Rxf4 Bg7 18. Raf1 a6 19. Bg3 Qc7 20. Rxf6 Bxf6 21. Rxf6 Kg7 22. Rxd6 Qe7 23. Bf4 Rh8 24. e5 Qh4 25. Qe4 Qe1+ 26. Kh2 Qf2 27. Bg3 Qd4 28. Qf3 Re8 29. Qf6+ Kh7 1-0

[Event "Titled Tuesday intern op 31st Oct Late"]
[Site "Chess.com INT"]
[Date "2023.10.31"]
[Round "7"]
[White "Perry, Patrick N"]
[Black "Pein, Jonathan"]
[Result "1/2-1/2"]
[WhiteElo "2296"]
[BlackElo "2261"]
[PlyCount "146"]
[EventDate "2023.10.31"]
[EventType "swiss (blitz)"]
[EventRounds "11"]
[EventCountry "USA"]
[SourceTitle "EXT 2025"]
[Source "ChessBase"]
[SourceDate "2024.10.14"]
[SourceVersion "1"]
[SourceVersionDate "2024.10.14"]
[SourceQuality "1"]

1. e4 g6 2. d4 Bg7 3. Nc3 c5 4. Nf3 cxd4 5. Nxd4 Nc6 6. Be3 Nf6 7. Nb3 0-0 8. Be2 b6 9. 0-0 Bb7 10. f3 Rc8 11. Qd2 Ne5 12. Bh6 d5 13. Bxg7 Kxg7 14. exd5 Nxd5 15. Nxd5 Qxd5 16. Qxd5 Bxd5 17. c3 Bc4 18. Bxc4 Nxc4 19. Rf2 Rfd8 20. Re1 e5 21. Kf1 Rc7 22. Rc2 f5 23. Ke2 Rcd7 24. Rec1 a5 25. a4 Kf6 26. Re1 h5 27. Rec1 h4 28. h3 Kg5 29. Kf2 Kf4 30. Re1 e4 31. fxe4 fxe4 32. Nd4 Rxd4 33. cxd4 Rxd4 34. b3 Ne5 35. Rce2 Nd3+ 36. Kf1 Nxe1 37. Kxe1 Rd3 38. Rb2 Ke3 39. Re2+ Kd4 40. Rb2 e3 41. Ke2 Rc3 42. Rb1 Rc2+ 43. Kf3 Rf2+ 44. Kg4 Rxg2+ 45. Kxh4 e2 46. b4 axb4 47. Rxb4+ Kd3 48. Rb1 Kd2 49. a5 bxa5 50. Rd1+ Ke3 51. Rd3+ Kf2 52. Rf3+ Ke1 53. Rf1+ Kd2 54. Rd1+ Kc3 55. Rd3+ Kc4 56. Rd4+ Kb3 57. Rb4+ Kc3 58. Rc4+ Kd3 59. Rd4+ Ke3 60. Re4+ Kf3 61. Rf4+ Ke3 62. Re4+ Kd2 63. Rd4+ Ke1 64. Rd1+ Kf2 65. Rf1+ Ke3 66. Rf3+ Ke4 67. Re3+ Kf5 68. Re5+ Kf6 69. Re6+ Kg7 70. Re7+ Kf8 71. Rf7+ Kg8 72. Rg7+ Kf8 73. Rf7+ Kxf7 1/2-1/2